| 000 | 00636nam a2200229 a 4500 | ||
|---|---|---|---|
| 008 | |||
| 020 | _a0851572677 (pbk.) | ||
| 049 | _aMAIN | ||
| 090 |
_aZ936 _bHUN |
||
| 100 | _aHunter, Eric J. | ||
| 245 |
_aCataloguing / _cEric J. Hunter and K. G. B. Bakewell. |
||
| 260 |
_aLondon : _bClive Bingley, _c1979. |
||
| 300 |
_a197 p. ; _c23 cm. |
||
| 440 | _aOutlines of morden librarianship. | ||
| 500 | _aIncludes index. | ||
| 700 | _aBakewell, K. G. B. | ||
| 907 |
_a.b10095627 _b17-03-09 _c24-11-03 |
||
| 003 | |||
| 005 | 20230123133506.0 | ||
| 040 | _cNUST | ||
| 942 |
_cBOOKS _kZ936 _mHUN |
||
| 999 |
_c149530 _d149530 |
||